Regionálna investičná pomoc v SR
Ciele poskytovania národnej regionálnej investičnej pomoci. Ciele a podmienky. Poskytnutá štátna pomoc v krajinách V4. Podpora zahraničných investícií zo strany Slovenskej republiky.
Enregistré dans:
| Auteur principal: | |
|---|---|
| Format: | Chapitre de livre |
| Langue: | slovaque |
| Sujets: | |
| Tags: |
Pas de tags, Soyez le premier à ajouter un tag!
|
MARC
| LEADER | 00000naa$a2200000$$$4500 | ||
|---|---|---|---|
| 001 | 0065663 | ||
| 005 | 20240502071758.8 | ||
| 041 | 0 | |a slo | |
| 044 | |a SK | ||
| 245 | 1 | 0 | |a Regionálna investičná pomoc v SR |c Iveta Fabianová |
| 520 | |a Ciele poskytovania národnej regionálnej investičnej pomoci. Ciele a podmienky. Poskytnutá štátna pomoc v krajinách V4. Podpora zahraničných investícií zo strany Slovenskej republiky. | ||
| 610 | 2 | 0 | |a pomoc rozvojová |
| 610 | 2 | 0 | |a politika regionálna |
| 610 | 2 | 0 | |a politika investičná |
| 610 | 2 | 0 | |a investície priame zahraničné |
| 610 | 2 | 0 | |a regióny |
| 610 | 2 | 0 | |a Slovensko |
| 610 | 2 | 0 | |a rozvoj regionálny |
| 100 | 1 | |a Fabianová, Iveta | |